Statistics for All WWE NXT Womens Champions

Click here to take the quiz!

General Stats

  • This quiz has been taken 1,163 times
    (665 since last reset)
  • The average score is 12 of 16

Answer Stats

HintAnswer% Correct
NXT TakeoverCharlotte
98%
WWE WrestleMania 36 Night 2Charlotte Flair
98%
NXT Takeover: RivalSasha Banks
95%
NXT Takeover: BrooklynBayley
94%
NXTRhea Ripley
91%
NXT Takeover: DallasAsuka
87%
NXTPaige
87%
NXT Halloween Havoc 2021Mandy Rose
76%
NXT Takeover: New OrleansShayna Baszler
75%
WWE EvolutionShayna Baszler
75%
NXT Takeover: War GamesEmber Moon
68%
NXT Takeover: In Your HouseIo Shirai
67%
NXT Takeover: Brooklyn IVKairi Sane
66%
NXT Takeover: Stand & Deliver Night 1Raquel Gonzalez
59%
NXTVacant
30%
NXTVacant
30%

Score Distribution

Percentile by Number Answered

Percent of People with Each Score

Your Score History

You have not taken this quiz since the last reset